10 Largest Cities in Mauritania - Statistics

General Stats
  • This quiz has been taken 40 times
  • The average score is 4 of 10
Answer Stats
Population City % Correct
958,399 Nouakchott
100%
118,167 Nouadhibou
69%
44,649 Zouerate
46%
50,206 Kiffa
38%
33,581 Rosso
38%
25,190 Atar
31%
45,539 Kaédi
23%
26,420 Sélibabi
23%
22,796 Aïoun
8%
22,323 Guerou
0%
No matching quizzes found
Score Distribution
Percent of People with Each Score
Percentile by Number Answered
Your Score History
You have not taken this quiz